| 000 | 00569nam a2200193 a 4500 | ||
|---|---|---|---|
| 003 | CDMR | ||
| 005 | 20140724175651.0 | ||
| 008 | 130130s2000||||||||||||||||||||||||||||d | ||
| 040 |
_aCDMR _bcat _cCPC LLEIDA |
||
| 245 | 0 | 0 | _aGuia de los medios de comunicación de España |
| 246 | 3 | _aGM | |
| 260 |
_aMadrid _c2011 _bREMARCA |
||
| 300 |
_bIl. _c29 cm |
||
| 362 | 0 | _aNo. 186 (jun./ag. 2011) | |
| 650 | 0 | 4 |
_9875 _aPublicitat _xDirectoris _zEspanya |
| 650 | 0 | 4 |
_9405 _aMitjans de comunicació de massa _xDirectoris _zEspanya |
| 650 | 0 | 4 |
_9875 _aPublicitat _xRevistes |
| 942 | _cMON | ||
| 999 |
_c4718 _d4718 |
||